ბათუმის შოთა რუსთაველის სახელმწიფო უნივერსიტეტის ბიბლიოთეკა

Краткая химическая энциклопедия.Энциклопедии,словари,справочники.Т-5.Т-Я. (ბიბ.ჩანაწერი № 37494)

000 -LEADER
fixed length control field 00669nam a2200193Ia 4500
001 - CONTROL NUMBER
control field 3456
003 - CONTROL NUMBER IDENTIFIER
control field GE_BSU
008 - FIXED-LENGTH DATA ELEMENTS--GENERAL INFORMATION
fixed length control field 181216s||||||||xx |||||||||||||| ||und||
040 ## - CATALOGING SOURCE
Transcribing agency GE_BSU
080 ## - UNIVERSAL DECIMAL CLASSIFICATION NUMBER
Universal Decimal Classification number 54(03)
245 ## - TITLE STATEMENT
Title Краткая химическая энциклопедия.Энциклопедии,словари,справочники.Т-5.Т-Я.
245 ## - TITLE STATEMENT
Statement of responsibility, etc. Ред. кол. И.Л.Крунянц(отв. ред.) и др.
260 ## - PUBLICATION, DISTRIBUTION, ETC.
Place of publication, distribution, etc. М.
260 ## - PUBLICATION, DISTRIBUTION, ETC.
Name of publisher, distributor, etc. Советская энциклопедия.
260 ## - PUBLICATION, DISTRIBUTION, ETC.
Date of publication, distribution, etc. 1967.
300 ## - PHYSICAL DESCRIPTION
Extent 1184 стр. с илл. 27см.
653 ## - INDEX TERM--UNCONTROLLED
Uncontrolled term Краткая химическая энциклопедия.
942 ## - ADDED ENTRY ELEMENTS (KOHA)
Koha item type წიგნი
ეგზემპლარები
Withdrawn status Lost status Damaged status Not for loan Date acquired Barcode Date last seen Price effective from Koha item type
        2018-12-17 9593 2018-12-17 2018-12-17 წიგნი